Flora de Embalses (Registro nro. 8333)

Detalles MARC
000 -CABECERA
Campo de control 01017nam a22002537a 4500
005 - FECHA Y HORA DE LA ULTIMA TRANSACCION
Campo de control 20140401102310.0
008 - ELEMENTOS DE LONGITUD FIJA—INFORMACION GENERAL
Campo de control 140401s2011 ck abo gr|||| 00| 0 spa d
020 ## - ISBN
ISBN 9789589771433
041 ## - IDIOMA
Código de idioma para texto/pista de sonido o título separado Español
044 ## - PAÍS DE PUBLICACIÓN
País de publicación Colombia
082 ## - NUMERO DE CLASIFICACION DECIMAL DEWEY
Número de clasificación 580.7
Número del ítem C26f2
100 1# - ASIENTO PRINCIPAL--NOMBRE PERSONAL
Nombre personal Cardona Naranjo, Felipe
245 10 - MENCION DE TITULO
Título Flora de Embalses
Parte restante del título Centrales Hidroeléctricas de ISAGEN en el Oriente Antioqueño San Carlos, Jaguas y Calderas
Mención de responsabilidad Felipe Cardona Naranjo, Heriberto David Higuita, Sonia Gómez Hoyos, Francisco Roldán Palacio
260 3# - PUBLICACION, DISTRIBUCION, ETC. (PIE DE IMPRENTA)
Lugar de publicación, distribución, etc. Medellín
Nombre del editor, distribuidor, etc. ISAGEN
Fecha de publicación, distribución, etc. 2011
300 ## - DESCRIPCION FISICA
Extensión 230 p.
Otros detalles físicos il., fot., mapas
Dimensiones 22 cm
504 ## - NOTA DE BIBLIOGRAFIA, ETC.
Nota de bibliografía Incluye bibliografía (páginas 228 - 230)
650 #4 - ASIENTO SECUNDARIO DE MATERIA - TERMINO TEMATICO
Término temático o nombre geográfico como elemento de entrada Flora
Subdivisión de forma Guía ilustrada
Subdivisión geográfica Colombia
650 #4 - ASIENTO SECUNDARIO DE MATERIA - TERMINO TEMATICO
Término temático o nombre geográfico como elemento de entrada Plantas vasculares
Subdivisión de forma Guía ilustrada
Subdivisión geográfica Colombia
650 #4 - ASIENTO SECUNDARIO DE MATERIA - TERMINO TEMATICO
Término temático o nombre geográfico como elemento de entrada Dentrales Hidroeléctricas San Carlos
Subdivisión geográfica Colombia
700 1# - ASIENTO SECUNDARIO - NOMBRE PERSONAL
Nombre personal Higuita, Heriberto David
700 1# - ASIENTO SECUNDARIO - NOMBRE PERSONAL
Nombre personal Gómez Hoyos, Sonia
700 1# - ASIENTO SECUNDARIO - NOMBRE PERSONAL
Nombre personal Roldán Palacio, Francisco
942 ## - ELEMENTOS ADICIONALES (KOHA)
Sistema de clasificación Dewey Decimal Classification
Tipo de ítem Impreso
Existencias
Withdrawn status Lost status Sistema de Clasificación Damaged status No para préstamo Colección Inventariado Ubicación Permanente Ubicación actual Fecha de adquisición Fuente de Valor Valor Total Checkouts Número topográfico Inventario / Código de Barras Date last seen Ejemplar Price effective from Forma de adquisición Tipo de material
    Dewey Decimal Classification     General Inventariado 2017 Bogotá Bogotá 01/04/2014 Instituto 39000.00   LB-580.7 C26f2 034193 01/04/2014 Ej. 1 01/04/2014   Libro